Caricamento...

Kerala Financial Code /

Dettagli Bibliografici
Ente Autore: Financial department .
Natura: Printed Book
Lingua:English
Pubblicazione: : Financial department Government of Kerala , 1983.
Edizione:1 /
LEADER 01050cam a2200229ua 4500
020 |c 10.60 
041 |a eng 
082 |a 028.70335  |b FIN/KE 
110 1 |a Financial department .   |c () 
245 |a Kerala Financial Code /   |c Financial department.  |h Textual Documents 
250 |a 1 /   |b . 
260 |a  :   |b Financial department Government of Kerala ,   |c 1983. 
300 |a 167 ; . 
365 |a 10.60 
500 |a **Reference 
504
541 |e 13605**   |h 10.60 
541 |e 14627  
942 |c BK 
999 |c 31160  |d 31160 
952 |0 0  |1 0  |4 0  |6 028_703350000000000  |7 0  |9 41079  |a KAUAET   |d 2012-04-07  |m 0  |o 028.70335  |p KAU_KCAET-13605**   |r 2012-04-07  |w 2012-04-07  |y REF 
952 |0 0  |1 0  |4 0  |6 028_703350000000000  |7 0  |9 41080  |a KAUAET  |b KAUAET   |d 2012-04-07  |m 0  |o 028.70335  |p KAU_KCAET-14627  |r 2012-04-07  |t 2  |w 2012-04-07  |y BK